01153nam a2200217 a 450000100100000000500170001000800410002704000250006808200160009311001230010924500850023226000360031730000210035350000430037404900090041795201290042695201290055595201140068495201200079899900170091800002689420200930030456.0110328s1972 dr 000 0 spa d aDO-SdBNPbspacBNPHU axxxxbR426a1 aRepública Dominicana.bInstituto Américano de Banca.bSección de la Asociación Américana de Banqueros95400310aAnálisis de estados financieros :bDerechos literarios 1970, 1976, 1951, 1948. aSanto Domingo :b[s.n.],c1972. a653 p. ;c20 cm. aIncluye notas al pie de las páginas. aBNPD 001054708DSaGRbGRcCTd2012-03-20iLF1l0oxxxx R426ap26894-30r2020-06-25te. 3w2020-06-25yLFDSZPréstamo en sala 001054708DSaGRbGRcCTd2012-03-20iLF1l0oxxxx R426ap26894-40r2020-06-25te. 4w2020-06-25yLFDSZPréstamo en sala 0010718PDaPDbPDcHDd2011-03-28iLF1l0oxxxx R426ap26894-10r2020-06-25w2020-06-25yLFPDZNo se presta 0010718PDaPDbPDcCTd2012-01-23iLF1l0oxxxx R426ap26894-20r2020-06-25te. 2w2020-06-25yLFPDZNo se presta c26386d26386